000 00560cam a22002051 4500
001 ca 36001249
003 DLC
005 20260227111143.0
008 800130s1934 ilua 000 0 eng
010 _aca 36001249
035 _a(OCoLC)5927527
040 _aDLC
_cOCl
_dDLC
042 _apremarc
050 0 0 _aPS3537.P442
_bH36 1934
082 _a812.5
100 1 _aSpence, Wall.
245 1 0 _aHe had a past,
_ba farce in three acts,
_cby Wall Spence.
260 _aChicago,
_bThe Dramatic publishing company
_c[1934]
300 _a100 p.
_bdiagrs.
_c19 cm.
999 _c18234
_d18234